Statistiken für Borussia Mönchengladbach Trivia Quiz

Klicken Sie hier um das Quiz zu spielen!

Allgemein

  • Dieses Quiz wurde 118 mal gespielt
  • Das Durchschnittsergebnis liegt bei 12 aus 18

Antwortstatistiken

HintAntwort% Korrekt
Wie oft ist Gladbach aus der Bundesliga abgestiegen?2 mal
97%
Welchen Spitznamen bekam die Borussia Ende der 60er, Anfang der 70er Jahre aufgrund seiner vielen jungen Spieler?Die Fohlenelf
97%
In welchem Jahr wurde die Borussia gegründet?1900
92%
Mit welchem Verein aus England hat Gladbach eine bereits Jahrzehnte andauernde Fanfreundschaft?FC Liverpool
81%
Wie hieß Borussias Stadion bevor dem Borussia-Park?Bökelberg
80%
Wie viele Titel hat Gladbach gewonnen?11
78%
Gegen welchen Verein hat Borussia die meisten Siege in der Bundesliga?1. FC Köln
77%
Nach wem ist das Maskottchen benannt?Günter Netzer
77%
Wie heißt das Maskottchen von Borussia Mönchengladbach?Jünter
77%
Welcher aktive Spieler hat die meisten Einsätze für Borussia?Patrick Herrmann
74%
Wer ist Gladbachs Rekordverkauf?Granit Xhaka
73%
Wer ist Gladbachs Rekordeinkauf?Alassane Plea
69%
Wer ist Gladbachs Rekordtorschütze in der Bundesliga?Jupp Heynckes
66%
Welcher Spieler hat im Hinspiel der Relegation 2011 das Last-Minute-Tor geschossen?Igor De Camargo
60%
Welcher Spieler hat im Rückspiel der Relegation 2011 den rettenden Ausgleich geschossen?Marco Reus
60%
Wer ist Gladbachs Rekordspieler?Berti Vogts
49%
Welcher Spieler hat das 3000te Tor der Bundesligageschichte für Borussia Mönchengladbach erzielt?Florian Neuhaus
18%
Welcher Spieler trug vor Tony Jantschke den Titel des Fußballgottes?Igor Demo
14%

Verteilung der Resultate

Perzentil nach korrekt beantworteten Fragen

Anzahl Personen mit jedem Resultat

Ihre Resultats-Entwicklung

Sie haben dieses Quiz noch nicht gespielt